On the origin of species./ (Record no. 74921)
[ view plain ]
| 000 -LEADER | |
|---|---|
| fixed length control field | 00953nam a22003251 4500 |
| 001 - CONTROL NUMBER | |
| control field | 74921 |
| 003 - CONTROL NUMBER IDENTIFIER | |
| rucl marc code | BD-RjUL |
| 005 - DATE AND TIME OF LATEST TRANSACTION | |
| control field | 20211209082624.0 |
| 008 - FIXED-LENGTH DATA ELEMENTS--GENERAL INFORMATION | |
| fixed length control field | 780418s1967 n ac b 000 0 eng |
| 035 ## - SYSTEM CONTROL NUMBER | |
| System control number | MITb10616555 |
| System control number | (BD-RjUl)75139 |
| System control number | GLIS00616555 |
| 040 ## - CATALOGING SOURCE | |
| Original cataloging agency | DLC |
| Transcribing agency | CGU |
| Modifying agency | DLC |
| -- | m.c. |
| -- | MYG |
| Language of cataloging | eng |
| 041 ## - LANGUAGE CODE | |
| Language code of text/sound track or separate title | eng |
| 049 ## - LOCAL HOLDINGS (OCLC) | |
| Holding library | MYGG |
| 082 ## - DEWEY DECIMAL CLASSIFICATION NUMBER | |
| Edition number | 23 |
| Classification number | 576.8 |
| Author mark and year | DAO 1967 |
| 100 1# - MAIN ENTRY--PERSONAL NAME | |
| Personal name | Darwin, Charles, |
| Dates associated with a name | 1809-1882. |
| 9 (RLIN) | 226279 |
| 245 10 - TITLE STATEMENT | |
| Title | On the origin of species./ |
| Statement of responsibility, etc. | Charles darwin |
| 260 ## - PUBLICATION, DISTRIBUTION, ETC. (IMPRINT) | |
| Place of publication, distribution, etc. | NewYork : |
| Name of publisher, distributor, etc. | Atheneum, |
| Date of publication, distribution, etc. | 1967. |
| 300 ## - PHYSICAL DESCRIPTION | |
| Pagination | xxvii, ix, 502 p. |
| Illustrations | 1 illus., port. |
| Size | 21 cm. |
| 504 ## - BIBLIOGRAPHY, ETC. NOTE | |
| Bibliography, etc | Includes bibliography and Index |
| 650 #0 - SUBJECT ADDED ENTRY--TOPICAL TERM | |
| Topical term or geographic name as entry element | Evolution (Biology) |
| 9 (RLIN) | 226280 |
| Topical term or geographic name as entry element | Natural selection. |
| 9 (RLIN) | 226281 |
| 910 ## - USER-OPTION DATA (OCLC) | |
| User-option data | rs921002 |
| 942 ## - ADDED ENTRY ELEMENTS (KOHA) | |
| Source of classification or shelving scheme | Dewey Decimal Classification |
| Koha item type | Books |
| 949 ## - LOCAL PROCESSING INFORMATION (OCLC) | |
| a | MYGH |
| b | 39080007819946 |
| Lost status | Source of classification or shelving scheme | Damaged status | Not for loan | Collection code | Permanent Location | Current Location | Shelving location | Date acquired | Total Checkouts | Full call number | Date last seen | Copy number | Koha item type |
|---|---|---|---|---|---|---|---|---|---|---|---|---|---|
| Dewey Decimal Classification | Not For Loan | Non-fiction | Central Library, University of Rajshahi | Central Library, University of Rajshahi | Reading Room | 22/12/2018 | 576.8 DAO 1967 | 22/12/2018 | C-1 | Books |